Normal view
MARC view
Entry Personal Name
001 - CONTROL NUMBER
- control field: 80376
003 - CONTROL NUMBER IDENTIFIER
- control field: dpl
005 - DATE AND TIME OF LATEST TRANSACTION
- control field: 20250407122205.0
008 - FIXED-LENGTH DATA ELEMENTS
- fixed length control field: 250407|| aca||aabn | a|a d
040 ## - CATALOGING SOURCE
- Original cataloging agency: dpl
- Transcribing agency: dpl
100 ## - HEADING--PERSONAL NAME
- Personal name: Ravichandran, T
670 ## - SOURCE DATA FOUND
- Source citation: Work cat.: (dpl)210851: State Level on Impact of Education on Sustainable Enviromental Management/, 2019
